[Event "46th Bosna Open 2016"]
[Site "Sarajevo BIH"]
[Date "2016.05.28"]
[Round "1.1"]
[White "Tuna, Alp"]
[Black "Nikolic, Predrag"]
[Result "1/2-1/2"]
[BlackTitle "GM"]
[WhiteElo "2034"]
[BlackElo "2617"]
[WhiteFideId "6372910"]
[BlackFideId "14400014"]
[EventDate "2016.05.28"]

1. e4 e6 2. d4 d5 3. Nd2 a6 4. Ngf3 c5 5. exd5 exd5 6. Be2 Nf6 7. O-O c4 8. b3
cxb3 9. axb3 Bb4 10. Ba3 Bxa3 11. Rxa3 Nc6 12. Bb5 O-O 13. Bxc6 bxc6 14. Ne5 Qb6
15. Qa1 c5 16. Nd3 cxd4 17. Nf3 Bf5 18. Qxd4 Qxd4 19. Nxd4 Bxd3 20. cxd3 Rfc8
21. Rfa1 h5 22. Kf1 Ng4 23. h3 Ne5 24. Ke2 Nc6 25. Nxc6 Rxc6 26. Ra5 Rb8 27.
R1a2 Re6+ 28. Kd2 Rg6 29. g3 h4 30. Rxa6 hxg3 31. Rxg6 gxf2 32. Ra1 fxg6 33. Kc3
Rf8 34. Rf1 Rf4 35. Kd2 Rf3 36. Ke2 Rxh3 37. Rxf2 Rh5 38. Ke3 Rf5 39. Rg2 Kf7
40. Kd4 g5 41. b4 Ke6 42. Kc5 Rf3 43. Rxg5 Rxd3 44. Rxg7 Rc3+ 45. Kb6 d4 46. Rg8
Kd5 47. Rd8+ Kc4 48. b5 d3 49. Kc6 Kb4+ 50. Kb6 Kb3 51. Ka7 Kc2 52. b6 Ra3+ 53.
Kb8 d2 54. Rxd2+ Kxd2 55. b7 Rb3 1/2-1/2

[Event "46th Bosna Open 2016"]
[Site "Sarajevo BIH"]
[Date "2016.05.28"]
[Round "1.2"]
[White "Yilmaz, Mustafa"]
[Black "Stojkovska, Monika"]
[Result "1-0"]
[WhiteTitle "GM"]
[BlackTitle "WFM"]
[WhiteElo "2603"]
[BlackElo "2030"]
[WhiteFideId "6302718"]
[BlackFideId "15002594"]
[EventDate "2016.05.28"]

1. Nf3 Nf6 2. c4 c5 3. d4 cxd4 4. Nxd4 g6 5. Nc3 d6 6. g3 Nc6 7. Bg2 Bd7 8. O-O
Bg7 9. e3 O-O 10. b3 Qa5 11. Bb2 Qh5 12. Qxh5 Nxh5 13. Rfd1 Nf6 14. h3 Rfd8 15.
g4 Rab8 16. Rac1 Nxd4 17. exd4 e5 18. Nb5 Bxb5 19. cxb5 Re8 20. dxe5 dxe5 21.
Re1 e4 22. g5 Nd5 23. Bxg7 Kxg7 24. Rxe4 Rxe4 25. Bxe4 Nf4 26. Kh2 Re8 27. Bxb7
Re5 28. a4 Rxg5 29. Bc6 Nd3 30. Rc3 Nb4 31. f4 Rf5 32. Rc4 1-0

[Event "46th Bosna Open 2016"]
[Site "Sarajevo BIH"]
[Date "2016.05.28"]
[Round "1.3"]
[White "Musovic, Sabrija"]
[Black "Kozul, Zdenko"]
[Result "0-1"]
[BlackTitle "GM"]
[WhiteElo "2025"]
[BlackElo "2591"]
[WhiteFideId "924555"]
[BlackFideId "14502879"]
[EventDate "2016.05.28"]

1. e4 c5 2. Nf3 Nc6 3. d4 cxd4 4. Nxd4 Qb6 5. Nxc6 dxc6 6. Bd3 e5 7. O-O Nf6 8.
h3 Be7 9. Nd2 Qc7 10. b3 O-O 11. Bb2 Be6 12. Qe2 b5 13. a4 a6 14. Rfd1 Nd7 15.
Nf3 Rfd8 16. axb5 cxb5 17. c4 b4 18. Bc2 f6 19. Nh4 g6 20. g4 Bc5 21. Rd3 a5 22.
Qd2 Be7 23. Rc1 Nc5 24. Rxd8+ Rxd8 25. Qe2 a4 26. bxa4 b3 27. Bb1 Nxa4 28. Nf3
Qa5 29. Kg2 g5 30. Kg3 h6 31. h4 Nxb2 32. Qxb2 Ba3 33. Qc3 Qb4 34. Qxb4 Bxb4 35.
c5 Rc8 36. c6 Kf8 37. hxg5 hxg5 38. c7 Ke7 39. Bd3 Kd6 40. Bc4 Rxc7 41. Bxe6
Rxc1 42. Bxb3 Kc5 43. Kg2 Bc3 44. Ng1 Re1 45. Bd5 Bd4 46. Nh3 Re2 47. Kf3 Rc2
48. Kg2 Rb2 49. Kf3 Kb4 50. Kg3 Kc3 51. Kg2 Kd2 52. Ng1 Kd1 0-1

[Event "46th Bosna Open 2016"]
[Site "Sarajevo BIH"]
[Date "2016.05.28"]
[Round "1.4"]
[White "Brkic, Ante"]
[Black "Jelen, Darko"]
[Result "1-0"]
[WhiteTitle "GM"]
[WhiteElo "2584"]
[BlackElo "2018"]
[WhiteFideId "14506688"]
[BlackFideId "14403790"]
[EventDate "2016.05.28"]

1. e4 c5 2. Nf3 Nc6 3. Bb5 d6 4. d4 cxd4 5. Qxd4 Bd7 6. Bxc6 Bxc6 7. Nc3 e5 8.
Qd3 h6 9. Nd2 Nf6 10. Nc4 Be7 11. Ne3 Bd7 12. O-O O-O 13. a4 Be6 14. b3 Rc8 15.
Ba3 a6 16. Rfd1 Qc7 17. Ne2 Rfd8 18. c4 Bf8 19. Nc3 g6 20. Qe2 Kg7 21. Ned5 Bxd5
22. Nxd5 Nxd5 23. Rxd5 Be7 24. Rad1 b6 25. Qd2 Qb7 26. h3 Rc6 27. f4 f6 28. f5
g5 29. Qe2 Bf8 30. b4 Rdc8 31. c5 bxc5 32. bxc5 Qb3 33. R5d3 Qc4 34. cxd6 Bxd6
35. Qh5 Bc5+ 36. Bxc5 Qxc5+ 37. Kh2 Qf8 38. Rd7+ 1-0

[Event "46th Bosna Open 2016"]
[Site "Sarajevo BIH"]
[Date "2016.05.28"]
[Round "1.5"]
[White "Markovic, Dino"]
[Black "Bosiocic, Marin"]
[Result "0-1"]
[BlackTitle "GM"]
[WhiteElo "2013"]
[BlackElo "2567"]
[WhiteFideId "14406314"]
[BlackFideId "14507927"]
[EventDate "2016.05.28"]

1. d4 Nf6 2. c4 d6 3. Nf3 Nbd7 4. Nc3 e5 5. e4 g6 6. Be2 Bg7 7. O-O O-O 8. dxe5
dxe5 9. Qc2 c6 10. Rd1 Qe7 11. h3 Nh5 12. Bf1 Nf4 13. g3 Ne6 14. Ne2 a5 15. Bg2
Ndc5 16. b3 f5 17. Ba3 f4 18. Bb2 Ng5 19. Nxg5 Qxg5 20. Qc3 Ne6 21. Rd2 f3 22.
Ba3 c5 0-1

[Event "46th Bosna Open 2016"]
[Site "Sarajevo BIH"]
[Date "2016.05.28"]
[Round "1.6"]
[White "Can, Emre"]
[Black "Pestek, Elvis"]
[Result "1-0"]
[WhiteTitle "GM"]
[WhiteElo "2557"]
[BlackElo "2003"]
[WhiteFideId "6302181"]
[BlackFideId "14405008"]
[EventDate "2016.05.28"]

1. d4 d5 2. Nf3 Nf6 3. c4 c6 4. Nc3 dxc4 5. a4 Bf5 6. e3 Bd3 7. Bxd3 cxd3 8.
Qxd3 Nbd7 9. O-O e6 10. e4 Be7 11. Bf4 Qa5 12. Rfe1 Rd8 13. Qc2 O-O 14. Nd2 Nb6
15. Nb3 Qh5 16. Re3 Qg4 17. Ne2 Nh5 18. h3 Qg6 19. a5 Nc8 20. a6 b6 21. Bc7 Rde8
22. Qxc6 Bg5 23. f4 Bh6 24. Nd2 Ne7 25. Qd7 f5 26. Bd6 Qf7 27. Nc4 fxe4 28. Ne5
Qf6 29. Ng4 Qf7 30. Rxe4 Nf5 31. Qxf7+ Rxf7 32. Be5 Nf6 33. Bxf6 gxf6 34. d5 Bg7
35. Nc3 h5 36. Ne3 Ng3 37. Rxe6 Rfe7 38. Rxe7 Rxe7 39. Kf2 h4 40. Rd1 f5 41. Kf3
Kf7 42. Nc4 Rc7 43. Nb5 Rd7 44. Ne5+ 1-0

[Event "46th Bosna Open 2016"]
[Site "Sarajevo BIH"]
[Date "2016.05.28"]
[Round "1.7"]
[White "Medic, Nevenko"]
[Black "Kadric, Denis"]
[Result "0-1"]
[BlackTitle "GM"]
[WhiteElo "2000"]
[BlackElo "2554"]
[WhiteFideId "14405245"]
[BlackFideId "14403803"]
[EventDate "2016.05.28"]

1. d4 d6 2. e4 Nf6 3. Nc3 Nbd7 4. Nf3 e5 5. Bg5 Be7 6. h3 c6 7. Be2 O-O 8. O-O
Qc7 9. Re1 Re8 10. Qd2 b5 11. a3 Bb7 12. Bxf6 Nxf6 13. d5 a6 14. dxc6 Qxc6 15.
Bd3 Bd8 16. Rad1 Rc8 17. Na2 Bb6 18. c3 Rcd8 19. Nb4 Qc5 20. Bc2 h6 21. Re2 a5
22. Nd5 Bxd5 23. exd5 e4 24. Nh2 Re5 25. Bb3 Rde8 26. Nf1 Rg5 27. Ne3 Qc8 28.
Kh2 Nh5 29. Nc2 Qf5 30. Rg1 Nf4 31. Re3 Bxe3 32. Nxe3 Qe5 33. g3 Nd3 34. Rg2 Rh5
35. Bd1 Rg5 36. Be2 Nxf2 37. Bxb5 Rb8 38. a4 Nxh3 39. Be2 Nf2 40. Nc4 Qf5 41.
Nxd6 Qh3+ 42. Kg1 Rxg3 43. Bf1 e3 0-1

[Event "46th Bosna Open 2016"]
[Site "Sarajevo BIH"]
[Date "2016.05.28"]
[Round "1.8"]
[White "Djukic, Nikola"]
[Black "Jovovic, Milan"]
[Result "1-0"]
[WhiteTitle "GM"]
[WhiteElo "2546"]
[BlackElo "1991"]
[WhiteFideId "922412"]
[BlackFideId "14408040"]
[EventDate "2016.05.28"]

1. e4 c5 2. Nf3 d6 3. d4 cxd4 4. Nxd4 Nf6 5. Nc3 a6 6. h3 e6 7. g4 b5 8. g5 Nfd7
9. a3 Bb7 10. h4 Nb6 11. Bg2 N8d7 12. h5 Rc8 13. Rh3 e5 14. Nf5 Nc5 15. g6 Ne6
16. gxf7+ Kxf7 17. Qg4 Rc4 18. Bf1 Rc7 19. Be3 Nc4 20. Nd5 Nxe3 21. Nfxe3 Nd4
22. c3 Bc8 23. Qg3 Nb3 24. Nxc7 Nxa1 25. Qf3+ Kg8 26. Ncd5 Nb3 27. Rg3 Be7 28.
Nf5 Bg5 29. Rxg5 1-0

[Event "46th Bosna Open 2016"]
[Site "Sarajevo BIH"]
[Date "2016.05.28"]
[Round "1.9"]
[White "Haskovic, Salih"]
[Black "Jovanovic, Zoran"]
[Result "0-1"]
[BlackTitle "GM"]
[WhiteElo "1984"]
[BlackElo "2531"]
[WhiteFideId "14401231"]
[BlackFideId "14505320"]
[EventDate "2016.05.28"]

1. d4 d6 2. Nf3 g6 3. g3 Bg7 4. Bg2 c5 5. O-O cxd4 6. Nxd4 Qb6 7. c3 Nc6 8. Nxc6
bxc6 9. Nd2 Nf6 10. Qa4 Bd7 11. Nc4 Qc7 12. Qa5 Qxa5 13. Nxa5 Rc8 14. e4 O-O 15.
Re1 Ng4 16. Bg5 f6 17. Be3 Rb8 18. Rab1 Rb5 19. Nb3 Nxe3 20. Rxe3 Rfb8 21. Bf1
R5b6 22. Bc4+ Kh8 23. Re2 Bg4 24. Rc2 f5 25. Bd3 fxe4 26. Bxe4 Ra6 27. Nc1 c5
28. f3 Be6 29. c4 Rab6 30. b3 a5 31. Kf2 a4 32. h4 Bd4+ 33. Ke2 Kg7 34. Bd3 Bd7
35. Rd2 Bc3 36. Rc2 Be5 37. Kf2 h6 38. Kg2 g5 39. h5 Be8 40. g4 Bf7 41. Re2 Rb4
42. Re4 Bf6 43. Kf2 Bd4+ 44. Kg2 e5 45. Re2 Bxc4 46. Bxc4 Rxc4 47. bxc4 Rxb1 48.
Rc2 Kf6 49. Nd3 Rg1+ 50. Kh2 Rd1 51. Nc1 e4 52. fxe4 Ke5 53. Ne2 Kxe4 54. Ng3+
Kf3 55. Kh3 Rg1 56. Nf5 Be5 0-1

[Event "46th Bosna Open 2016"]
[Site "Sarajevo BIH"]
[Date "2016.05.28"]
[Round "1.10"]
[White "Martinovic, Sasa"]
[Black "Bunjo, Adnan"]
[Result "1-0"]
[WhiteTitle "GM"]
[WhiteElo "2529"]
[BlackElo "1982"]
[WhiteFideId "14509792"]
[BlackFideId "14408007"]
[EventDate "2016.05.28"]

1. d4 d5 2. c4 e6 3. Nc3 Nf6 4. cxd5 exd5 5. Bg5 Be7 6. e3 c6 7. Qc2 Be6 8. Bd3
h6 9. Bh4 Nbd7 10. Nge2 Nb6 11. f3 Rc8 12. O-O-O c5 13. Kb1 a6 14. dxc5 Rxc5 15.
Nd4 O-O 16. Qb3 Qc7 17. e4 Nc4 18. Bg3 Qc8 19. Nxe6 fxe6 20. exd5 Na5 21. Qb6
Nxd5 22. Nxd5 Rxd5 23. Rc1 Nc6 24. Bc4 Rd2 25. Rhd1 Rxd1 26. Rxd1 Nd8 27. Bb3
Bc5 28. Qc7 Qxc7 29. Bxc7 Nc6 30. Bxe6+ Kh8 31. Bd5 Rc8 32. Bg3 Rd8 33. Bb3
Rxd1+ 34. Bxd1 g5 35. Kc2 Kg7 36. Kd3 b5 37. Ke4 Bg1 38. Bb3 a5 39. a4 bxa4 40.
Bxa4 Nb4 41. h4 Na6 42. Kd5 Nb4+ 43. Kc4 Bb6 44. h5 Bd8 45. Be5+ Kf7 46. g4 Na2
47. Kb5 Nc1 48. Bd1 Nd3 49. Bc3 Ke6 50. Be2 Ne5 51. Bxa5 Bxa5 52. Kxa5 Kd5 53.
b4 Nc6+ 54. Ka4 Nd4 55. Ba6 Kc6 56. Bd3 Kb6 57. f4 Nf3 58. f5 Ne5 59. Be2 Nd7
60. Kb3 Nf6 61. Kc4 Nd7 62. Kd5 1-0

[Event "46th Bosna Open 2016"]
[Site "Sarajevo BIH"]
[Date "2016.05.28"]
[Round "1.11"]
[White "Dedic, Nedzad"]
[Black "Kurajica, Bojan"]
[Result "0-1"]
[BlackTitle "GM"]
[WhiteElo "1977"]
[BlackElo "2527"]
[WhiteFideId "14400979"]
[BlackFideId "14400057"]
[EventDate "2016.05.28"]

1. e4 c5 2. Nf3 Nc6 3. d4 cxd4 4. Nxd4 Qb6 5. Nxc6 bxc6 6. Bd3 g6 7. Nc3 Bg7 8.
O-O d6 9. Na4 Qc7 10. Bd2 Nf6 11. Re1 O-O 12. f4 e5 13. fxe5 Ng4 14. h3 Nxe5 15.
Qe2 Bd7 16. Rab1 Rae8 17. c4 f5 18. exf5 Nxd3 19. Qxd3 Bxf5 20. Qg3 Bxb1 21.
Rxb1 Re2 22. Bf4 Qa5 23. Nc3 Bxc3 24. bxc3 Qf5 0-1

[Event "46th Bosna Open 2016"]
[Site "Sarajevo BIH"]
[Date "2016.05.28"]
[Round "1.12"]
[White "Savic, Miodrag R"]
[Black "Halilovic, Fahrudin"]
[Result "1-0"]
[WhiteTitle "GM"]
[WhiteElo "2522"]
[BlackElo "1973"]
[WhiteFideId "920479"]
[BlackFideId "14406020"]
[EventDate "2016.05.28"]

1. e4 g6 2. d4 Bg7 3. Nc3 c6 4. h3 d6 5. Be3 Nf6 6. Nf3 Qa5 7. Qd2 b5 8. Bd3 Na6
9. O-O h6 10. e5 Nd7 11. exd6 e6 12. a3 g5 13. Rfe1 Qd8 14. d5 cxd5 15. Nxd5 Bb7
16. Ne7 Nac5 17. Bxb5 a6 18. Bxd7+ Nxd7 19. Bd4 Nf6 20. Qc3 Rc8 21. Nxc8 Bxc8
22. Ne5 O-O 23. Nc6 Nd5 24. Nxd8 Nxc3 25. Bxc3 Bxc3 26. bxc3 Rxd8 27. Red1 Bd7
28. Rab1 Bb5 29. Rb4 e5 30. c4 Bd7 31. c5 a5 32. Rb6 Rc8 33. c6 Bxc6 34. Rxc6 1-0

[Event "46th Bosna Open 2016"]
[Site "Sarajevo BIH"]
[Date "2016.05.29"]
[Round "2.1"]
[White "Hadzovic, Amir"]
[Black "Yilmaz, Mustafa"]
[Result "0-1"]
[BlackTitle "GM"]
[WhiteElo "2218"]
[BlackElo "2603"]
[WhiteFideId "14402300"]
[BlackFideId "6302718"]
[EventDate "2016.05.28"]

1. Nf3 c5 2. g3 Nc6 3. Bg2 g6 4. d3 Bg7 5. c3 e5 6. e4 Nge7 7. O-O O-O 8. Na3 d6
9. Nc2 d5 10. b4 c4 11. b5 cxd3 12. Qxd3 f5 13. Nd2 Na5 14. Ba3 dxe4 15. Qxd8
Rxd8 16. Nxe4 Nd5 17. Bb4 Nc4 18. Nc5 e4 19. Rfd1 b6 20. Nb3 a5 21. bxa6 Bxa6
22. Ncd4 Nb2 23. Rd2 Nd3 24. Ne6 N5xb4 25. cxb4 Bxa1 26. Nxd8 Bc3 27. Rc2 Bxb4
28. Nc6 Bf8 29. g4 Ne1 30. Rd2 Bb7 31. Nd8 e3 32. Rd1 Nf3+ 0-1

[Event "46th Bosna Open 2016"]
[Site "Sarajevo BIH"]
[Date "2016.05.29"]
[Round "2.2"]
[White "Kozul, Zdenko"]
[Black "Bandic, Adnan"]
[Result "1-0"]
[WhiteTitle "GM"]
[WhiteElo "2591"]
[BlackElo "2218"]
[WhiteFideId "14502879"]
[BlackFideId "14400987"]
[EventDate "2016.05.28"]

1. d4 d5 2. c4 c6 3. Nf3 e6 4. g3 f5 5. Bg2 Nf6 6. O-O Bd6 7. b3 Qe7 8. Ne5 Nbd7
9. Nd3 O-O 10. Nd2 Ne4 11. Nf3 b6 12. Bf4 Bb7 13. Bxd6 Nxd6 14. Qc1 Nf7 15. Qe3
Rfe8 16. Rfc1 Qf6 17. Nfe5 Ndxe5 18. dxe5 Qe7 19. c5 Qc7 20. f4 Qd8 21. a4 g5
22. b4 gxf4 23. gxf4 Kh8 24. b5 Rg8 25. Qh3 Rc8 26. Kf1 cxb5 27. axb5 bxc5 28.
Nxc5 Qb6 29. Nxb7 Rxc1+ 30. Rxc1 Qxb7 31. Qh4 Rg6 32. Bf3 Nh6 33. Bh5 d4 34.
Bxg6 1-0

[Event "46th Bosna Open 2016"]
[Site "Sarajevo BIH"]
[Date "2016.05.29"]
[Round "2.3"]
[White "Musovic, Armin"]
[Black "Brkic, Ante"]
[Result "0-1"]
[BlackTitle "GM"]
[WhiteElo "2203"]
[BlackElo "2584"]
[WhiteFideId "939935"]
[BlackFideId "14506688"]
[EventDate "2016.05.28"]

1. e4 e5 2. Nf3 Nc6 3. Nc3 Nf6 4. Bb5 Bd6 5. O-O O-O 6. d4 exd4 7. Nxd4 Nxd4 8.
Qxd4 Re8 9. Qd3 Be5 10. f3 c6 11. Bc4 b5 12. Bb3 a5 13. a4 b4 14. Ne2 d5 15.
exd5 cxd5 16. Nd4 Qb6 17. Be3 Ba6 18. Nb5 Bxh2+ 19. Kf2 Rxe3 0-1

[Event "46th Bosna Open 2016"]
[Site "Sarajevo BIH"]
[Date "2016.05.29"]
[Round "2.4"]
[White "Bosiocic, Marin"]
[Black "Hodzic, Nihad"]
[Result "1-0"]
[WhiteTitle "GM"]
[WhiteElo "2567"]
[BlackElo "2215"]
[WhiteFideId "14507927"]
[BlackFideId "14402041"]
[EventDate "2016.05.28"]

1. e4 e6 2. d4 d5 3. Nc3 Nf6 4. Bg5 Bb4 5. exd5 Qxd5 6. Bxf6 gxf6 7. Qd2 Bxc3 8.
Qxc3 Nc6 9. Nf3 Rg8 10. a3 Bd7 11. O-O-O O-O-O 12. g3 Ne7 13. Bc4 Qh5 14. Rhe1
Bc6 15. Be2 Kb8 16. Kb1 Qf5 17. Qe3 Nd5 18. Qd3 Ne7 19. Qxf5 Nxf5 20. c3 Nd6 21.
Nd2 Ne4 22. Nxe4 Bxe4+ 23. Kc1 f5 24. Kd2 a5 25. Ke3 b6 26. g4 Bc2 27. Rc1 Bb3
28. gxf5 exf5 29. Bf3 Bd5 30. Bxd5 Rxd5 31. Kf3 a4 32. Re7 Rg7 33. Rc2 Rd6 34.
Kf4 Rg2 35. Rxf7 Rxh2 36. Re2 Rd5 37. Kg3 Rh6 38. Re5 Rdd6 39. Ree7 f4+ 40. Kxf4
Rdf6+ 41. Rxf6 Rxf6+ 42. Ke3 h6 43. f4 Kb7 44. d5 Kc8 45. Ke4 h5 46. Rh7 h4 47.
f5 Rf8 48. Rxh4 Kd7 49. Rh7+ Kd6 50. Rh6+ Kd7 51. f6 Kd6 52. Kf5 Kxd5 53. Rh2 1-0

[Event "46th Bosna Open 2016"]
[Site "Sarajevo BIH"]
[Date "2016.05.29"]
[Round "2.5"]
[White "Injac, Teodora"]
[Black "Can, Emre"]
[Result "1/2-1/2"]
[WhiteTitle "WFM"]
[BlackTitle "GM"]
[WhiteElo "2185"]
[BlackElo "2557"]
[WhiteFideId "932400"]
[BlackFideId "6302181"]
[EventDate "2016.05.28"]

1. d4 g6 2. Nf3 Bg7 3. c4 Nf6 4. Nc3 O-O 5. e4 d6 6. h3 e5 7. dxe5 dxe5 8. Be3
c6 9. c5 Nbd7 10. Be2 Qe7 11. b4 b6 12. Qa4 Bb7 13. O-O Rfe8 14. Rab1 Bf8 15.
Rfd1 a5 16. Qc2 axb4 17. Rxb4 Ba6 18. Bxa6 Rxa6 19. Ra4 Rxa4 20. Qxa4 b5 21. Qa6
Nb8 22. Qa5 Qb7 23. Rd8 Nbd7 24. Bg5 Rxd8 25. Qxd8 b4 26. Na4 Nxe4 27. Bh6 f6
28. Qe8 Qa7 29. Qe6+ Kh8 30. Qe8 Kg8 31. Qe6+ Kh8 32. Qe8 Kg8 1/2-1/2

[Event "46th Bosna Open 2016"]
[Site "Sarajevo BIH"]
[Date "2016.05.29"]
[Round "2.6"]
[White "Kadric, Denis"]
[Black "Tica, Sven"]
[Result "1-0"]
[WhiteTitle "GM"]
[BlackTitle "FM"]
[WhiteElo "2554"]
[BlackElo "2188"]
[WhiteFideId "14403803"]
[BlackFideId "14526948"]
[EventDate "2016.05.28"]

1. e4 c5 2. Be2 e6 3. f4 Nc6 4. Nf3 g6 5. O-O Bg7 6. c3 Nge7 7. d3 d5 8. Na3 b6
9. Be3 Bb7 10. e5 a6 11. Nc2 Rc8 12. Bf2 Qc7 13. Ne3 Nf5 14. Nxf5 exf5 15. d4 c4
16. Bh4 O-O 17. Qe1 Rce8 18. Qg3 Bc8 19. Rae1 Nd8 20. Bf6 Ne6 21. Bxg7 Kxg7 22.
Bd1 h6 23. Bc2 Kh7 24. Nh4 Ng7 25. h3 Qd8 26. Qf2 Be6 27. Kh2 b5 28. Rg1 Qd7 29.
Nf3 Qe7 30. g4 Rb8 31. Nh4 Qd7 32. Qg2 Rg8 33. Ref1 Rbd8 34. Rf3 a5 35. Rg3 b4
36. Qf3 Qc8 37. Ng2 Qd7 38. Ne3 Kh8 39. R3g2 Kh7 40. Qg3 Rb8 41. Qf3 Rbd8 42.
Qf2 Rb8 43. gxf5 Bxf5 44. Bxf5 Nxf5 45. Ng4 Rb6 46. Re1 Qe7 47. Nf6+ Rxf6 48.
exf6 Qxf6 49. Re5 bxc3 50. bxc3 Rd8 51. Rg1 Nd6 52. Qf3 Ne4 53. f5 Kg7 54. Qf4
g5 55. h4 Kf8 56. Qf3 Qd6 57. f6 Rb8 58. hxg5 Rb2+ 59. Rg2 Rxg2+ 60. Kxg2 hxg5
61. Qf5 Qxf6 62. Rxd5 Qxf5 63. Rxf5 a4 64. a3 Nxc3 65. Rxg5 Nb1 66. Rc5 Nxa3 67.
Kf2 c3 68. Rxc3 Nb5 69. Rc4 a3 70. Ke3 Ke7 71. Rb4 Nc3 72. Kd3 a2 73. Rb7+ Ke6
74. Ra7 Nd5 75. Kc4 Ne3+ 76. Kc5 f6 77. Rxa2 Kf5 78. d5 1-0

[Event "46th Bosna Open 2016"]
[Site "Sarajevo BIH"]
[Date "2016.05.29"]
[Round "2.7"]
[White "Bucan, Eldin"]
[Black "Djukic, Nikola"]
[Result "0-1"]
[BlackTitle "GM"]
[WhiteElo "2179"]
[BlackElo "2546"]
[WhiteFideId "14404001"]
[BlackFideId "922412"]
[EventDate "2016.05.28"]

1. e4 c5 2. Nf3 Nc6 3. b4 Nxb4 4. c3 Nc6 5. d4 d5 6. exd5 Qxd5 7. Nbd2 e6 8. c4
Qf5 9. d5 Nb4 10. g4 Nc2+ 11. Ke2 Nd4+ 12. Nxd4 Qe5+ 13. Kf3 Qxd4 14. Rb1 exd5
15. h3 h5 16. Qe1+ Be6 17. g5 O-O-O 18. Nb3 Qh4 19. Bf4 dxc4 20. Qa5 Bd5+ 21.
Ke3 Re8+ 0-1

[Event "46th Bosna Open 2016"]
[Site "Sarajevo BIH"]
[Date "2016.05.29"]
[Round "2.8"]
[White "Jovanovic, Zoran"]
[Black "Kamberovic, Senad"]
[Result "1-0"]
[WhiteTitle "GM"]
[BlackTitle "FM"]
[WhiteElo "2531"]
[BlackElo "2179"]
[WhiteFideId "14505320"]
[BlackFideId "14400812"]
[EventDate "2016.05.28"]

1. e4 c6 2. Nc3 d5 3. Nf3 dxe4 4. Nxe4 Nd7 5. Qe2 e6 6. g3 Ngf6 7. Nxf6+ Nxf6 8.
Bg2 Bd6 9. d4 O-O 10. O-O Qc7 11. Bg5 Nd7 12. Nd2 h6 13. Be3 Nf6 14. Nc4 Nd5 15.
Bd2 Be7 16. Ne5 c5 17. c4 Nf6 18. Bf4 Qb6 19. dxc5 Bxc5 20. Rad1 Re8 21. Rd3 Nh7
22. Rfd1 Nf8 23. Rb3 Qa6 24. Qh5 Re7 25. Rb5 Bb6 26. a3 Qa4 27. Qe2 f6 28. b3
Qxa3 29. Bc1 Qa6 30. Bb2 fxe5 31. Ra1 Qxb5 32. cxb5 Rf7 33. Rf1 Bd7 34. Bxe5 Rc8
35. Be4 Rc5 36. Bd3 Rc8 37. Kg2 Bc5 38. f4 Be7 39. Ra1 Bc5 40. Rc1 Bb6 41. Rxc8
Bxc8 42. Qc2 Bd7 43. h4 g5 44. Bg6 gxf4 45. Bxf7+ Kxf7 46. Bxf4 Bxb5 47. Bxh6
Bc6+ 48. Kh2 1-0

[Event "46th Bosna Open 2016"]
[Site "Sarajevo BIH"]
[Date "2016.05.29"]
[Round "2.9"]
[White "Michalicka, Milan"]
[Black "Martinovic, Sasa"]
[Result "0-1"]
[BlackTitle "GM"]
[WhiteElo "2164"]
[BlackElo "2529"]
[WhiteFideId "14913089"]
[BlackFideId "14509792"]
[EventDate "2016.05.28"]

1. Nf3 Nf6 2. c4 g6 3. Nc3 Bg7 4. d4 O-O 5. e4 d6 6. Be2 Na6 7. O-O e5 8. Be3
Qe7 9. c5 exd4 10. cxd6 cxd6 11. Bxd4 Nc5 12. Nd2 b6 13. Re1 Bb7 14. Bf1 Rfd8
15. b4 Ne6 16. Be3 d5 17. exd5 Nxd5 18. Nxd5 Bxd5 19. a3 Bxa1 20. Qxa1 Qf8 21.
Nc4 Bxc4 22. Bxc4 Qg7 23. Qa2 Rd6 24. Bc1 Qc3 25. Qe2 Rc8 26. Bb2 Qxc4 27. Qe5
Rd4 28. h4 Rcd8 29. Qf6 Qd5 30. Kh2 Nf4 31. f3 Nh5 0-1

[Event "46th Bosna Open 2016"]
[Site "Sarajevo BIH"]
[Date "2016.05.29"]
[Round "2.10"]
[White "Kurajica, Bojan"]
[Black "Terzic, Ilijas"]
[Result "1-0"]
[WhiteTitle "GM"]
[BlackTitle "FM"]
[WhiteElo "2527"]
[BlackElo "2165"]
[WhiteFideId "14400057"]
[BlackFideId "14400359"]
[EventDate "2016.05.28"]

1. Nf3 d5 2. e3 Nf6 3. c4 c6 4. Nc3 a6 5. d4 e6 6. Qc2 Nbd7 7. b3 Bd6 8. Bb2 Qe7
9. Be2 O-O 10. O-O dxc4 11. bxc4 e5 12. c5 Bc7 13. g3 Re8 14. Bc4 h6 15. Rfe1 e4
16. Nd2 Nf8 17. d5 Qxc5 18. Ncxe4 Nxe4 19. Nxe4 Qe7 20. Nd2 b5 21. Bb3 c5 22.
Qc3 Be5 23. Qxe5 Qxe5 24. Bxe5 Rxe5 25. e4 Bb7 26. Rab1 Nd7 27. f4 Ree8 28. e5
Rab8 29. d6 c4 30. Bc2 Nc5 31. Kf2 Bd5 32. Ke3 Bc6 33. Kd4 Ne6+ 34. Kc3 a5 35.
f5 Nf8 36. a4 b4+ 37. Kxc4 Nd7 38. Kd4 1-0

[Event "46th Bosna Open 2016"]
[Site "Sarajevo BIH"]
[Date "2016.05.29"]
[Round "2.11"]
[White "Sinanovic, Ermin"]
[Black "Savic, Miodrag R"]
[Result "0-1"]
[BlackTitle "GM"]
[WhiteElo "2153"]
[BlackElo "2522"]
[WhiteFideId "14408953"]
[BlackFideId "920479"]
[EventDate "2016.05.28"]

1. d4 d5 2. Nf3 Nf6 3. c4 e6 4. Nc3 Be7 5. Bg5 h6 6. Bh4 O-O 7. e3 Ne4 8. Bxe7
Qxe7 9. Nxe4 dxe4 10. Nd2 f5 11. Qb3 e5 12. O-O-O Nd7 13. Qc3 exd4 14. exd4 Nf6
15. Re1 b6 16. h3 Bb7 17. d5 c6 18. dxc6 Bxc6 19. Nf3 Rac8 20. Ne5 Rfd8 21. Kb1
Be8 22. f4 Qc5 23. Qe3 Rd1+ 24. Kc2 Qxe3 25. Rxe3 Rcd8 26. g4 R8d2+ 27. Kc3 Rf2
28. Bg2 Rdd2 29. Bf1 Rc2+ 0-1

[Event "46th Bosna Open 2016"]
[Site "Sarajevo BIH"]
[Date "2016.05.29"]
[Round "2.12"]
[White "Kosic, Dragan"]
[Black "Maksimovic, Bojan"]
[Result "1-0"]
[WhiteTitle "GM"]
[WhiteElo "2507"]
[BlackElo "2161"]
[WhiteFideId "900290"]
[BlackFideId "14408120"]
[EventDate "2016.05.28"]

1. d4 Nf6 2. Nf3 g6 3. c4 Bg7 4. Nc3 O-O 5. e4 d6 6. Be2 e5 7. Be3 Nc6 8. d5 Ne7
9. Nd2 Ne8 10. b4 f5 11. f3 f4 12. Bf2 g5 13. c5 Ng6 14. Nc4 Rf7 15. a4 Bf8 16.
a5 Nh4 17. O-O Rg7 18. cxd6 cxd6 19. Nb5 Bd7 20. Nxa7 Qb8 21. Nb6 Rxa7 22. Nxd7
Rxd7 23. Bxa7 Qxa7+ 24. Kh1 Rg7 25. b5 Nf6 26. Qc2 g4 27. b6 Qb8 28. fxg4 Nxg4
29. Bxg4 Rxg4 30. a6 bxa6 31. Qc7 Qe8 32. b7 Qb5 33. Rf2 Rg7 34. b8=Q Rxc7 35.
Qxc7 Qd3 36. Qc2 1-0